000 00883nas a2200265 4500
001 BR9210704
003 BR-BrBNA
005 20231205093420.0
007 ta
008 230509b bl.|||p| |||| 00| 00por d
040 _aBR-BrBNA
_bpor
_cBiblioteca Nacional de Agricultura
041 _a(Pt)
072 _aL01
100 1 _aLedic, I.L.
100 1 _aBianchini Sobrinho, E.
100 1 _aTupy, O.
245 1 _aFrequencia de registros e metodos de estimativa na selecao para producao de leite
246 1 _aFrequency of recording and methods of estimation for selection on milk production
650 _aVACA LEITEIRA
650 _aPRODUCAO LEITEIRA
650 _aCONTROLE LEITEIRO
773 0 _tPesquisa Agropecuaria Brasileira (Brazil)
_xISSN 0100-204X
_g(Aug 1991), v. 26(8) p. 1227-1236
_wBR9210704
909 _a202311
_bLúcia
_c55
_dLúcia Elande
942 _2AGRIS
_n0
_cANA
999 _c138170
_d138170